| 000 | 00354nam a2200169Ia 4500 | ||
|---|---|---|---|
| 001 | 13588 | ||
| 003 | IN-NITTTR | ||
| 005 | 20251114233127.0 | ||
| 008 | 251113s9999||||xx |||||||||||||| ||eng|| | ||
| 040 | _beng | ||
| 040 | _cIN-NITTTR | ||
| 041 | _aeng | ||
| 082 | _a823 U3H | ||
| 100 | _aUris, Leon | ||
| 245 | 0 |
_aHaj. / _cUris, Leon |
|
| 942 |
_2ddc _cBK |
||
| 999 |
_c16224 _d16224 |
||